| 000 | 00845nam a2200217 i 4500 | ||
|---|---|---|---|
| 001 | 60276 | ||
| 003 | ES-MaACL | ||
| 005 | 20230906164211.0 | ||
| 007 | t| | ||
| 008 | 031104s1956 sp ||||1| spa d | ||
| 100 | 1 |
_aEspresati, Carlos G. _947945 |
|
| 245 | 1 | 0 |
_aHechizo romancesco _b: poema dramático, dividido en tres cuadros o estrofas dialologadas / _cOriginal de Carlos G. Espresati ; música de Facundo de la Viña ; comentario epilogal de Francisco Pérez Dolz. |
| 260 |
_a[S.l. : _bs.n., _c1956] ( _eCastellón : _fTalls. Gráfs. Hijos de F. Armengot) |
||
| 300 |
_a116 p. ; _c19 cm. |
||
| 490 | 1 |
_aLetras castellanas ; _v9 |
|
| 700 | 1 |
_aViña, Facundo de la. _9115356 |
|
| 700 | 1 |
_aPérez-Dolz, Francisco. _990836 |
|
| 830 | 0 |
_aLetras castellanas ; _v9 _9230549 |
|
| 852 |
_aES-MaACL _jC-12438 _bR.40077 |
||
| 999 |
_c60276 _d60276 |
||